Súčasný vývoj rómskej menšiny na Slovensku

Rómovia na Slovensku. Snaha o začlenenie rómskej menšiny do spoločnosti a jej prekážky. Demografický pohľad na rómsku problematiku. Reprodukcia rómskeho obyvateľstva na Slovensku a prognóza jeho populačného vývoja. Demografická charakteristika rómskej populácie v SR. .

Salvato in:
Dettagli Bibliografici
Autore principale: Sivašová, Daniela, 1955-
Altri autori: Bolgáč, Ján, 1959-
Natura: Capitolo di libro
Lingua:slovacco
Soggetti:
Tags: Aggiungi Tag
Nessun Tag, puoi essere il primo ad aggiungerne!!

MARC

LEADER 00000nla a2200000 4500
001 0237627
005 20240502073835.7
041 0 |a slo 
044 |a SK 
245 1 0 |a Súčasný vývoj rómskej menšiny na Slovensku  |c Daniela Sivašová, Ján Bolgáč 
520 |a Rómovia na Slovensku. Snaha o začlenenie rómskej menšiny do spoločnosti a jej prekážky. Demografický pohľad na rómsku problematiku. Reprodukcia rómskeho obyvateľstva na Slovensku a prognóza jeho populačného vývoja. Demografická charakteristika rómskej populácie v SR. . 
610 2 0 |a Rómovia 
610 2 0 |a začlenenie sociálne 
610 2 0 |a demografia 
610 2 0 |a vývoj populačný 
610 2 0 |a Slovensko 
100 1 |a Sivašová, Daniela, 1955- 
700 1 |a Bolgáč, Ján, 1959-